000 01072nam a2200277 a 4500
001 000007122
003 DO-SdBNP
005 20220916143842.0
007 ta
008 090904s2000 dr 001 0 spa d
040 _aDO-SdBNP
_bspa
_cBNPHU
082 4 _a345.05
_bR426a, 2000
_222
110 2 _aRepública Dominicana.
_bForo de Apoyo a la Reforma Procesal Penal
_919764
245 1 0 _aAnteproyecto de código procesal penal de la República Dominicana /
_cpresentación Eduardo Jorge Prats.
260 _aSanto Domingo :
_bFINJUS,
_c2000.
_fBúho
300 _a149 p. ;
_c28 cm.
590 _aInventariado, 2022/BT
650 4 _aDerecho penal
_xLegislación
_zRepública Dominicana
_916570
650 4 _aProcedimiento penal
_xLegislación
_zRepública Dominicana
_916571
650 4 _aAnteproyecto de ley
_910529
650 4 _aLeyes
_zRepública Dominicana
_93033
700 1 _aJorge Prats, Eduardo,
_epresent.
_917747
710 2 _aFundación Institucionalidad y Justicia (República Dominicana )
_91886
910 _aValidado. Control de calidad EMS.
942 _2ddc
_cLBS1
999 _c6903
_d6903